|
|
|
|
| LEADER |
00000cam a2200000 7i4500 |
| 001 |
0000059897 |
| 005 |
20160218.0 |
| 008 |
160218 |
| 020 |
|
|
|a 1858333849
|
| 020 |
|
|
|a 9781858333847
|
| 090 |
0 |
0 |
|a 796.352
|b THE
|
| 245 |
1 |
0 |
|a The complete book of golf techniques
|
| 260 |
|
|
|a Godalming,Surrey :
|b Quadrillion Publishing ,
|c 1999
|
| 300 |
|
|
|a 176pg. :
|b col. ill.
|
| 650 |
|
0 |
|a Golf
|
| 999 |
|
|
|a 0000891793
|b Book
|c Adult Collection
|e Cawangan Tmn. Ungku Tun Aminah
|
| 999 |
|
|
|a 0000891795
|b Book
|c Adult Collection
|e Cawangan Muar
|
| 999 |
|
|
|a 0000891796
|b Book
|c Adult Collection
|e Cawangan Segamat
|
| 999 |
|
|
|a 0000891797
|b Book
|c Adult Collection
|e Cawangan Pontian
|
| 999 |
|
|
|a 000891793
|b Book
|c Adult Collection
|e Cawangan Tmn. Ungku Tun Aminah
|